Globalizácia a globálne environmentálne problémy
Prenikavé zmeny vo svete v 21. storočí prinášajú nové výzvy vo sfére intelektuálneho rozvoja súčasnej vedy. Časopriestorová kompresia a globalizácia. Globálne problémy a výzvy na riešenie v blízkej budúcnosti. Desať skupín globálnych problémov vo svete. Hrozby pre životné prostredie z globálneho hľa...
Gespeichert in:
| 1. Verfasser: | |
|---|---|
| Weitere Verfasser: | |
| Format: | Buchkapitel |
| Sprache: | Slowakisch |
| Schlagworte: | |
| Tags: |
Keine Tags, Fügen Sie das erste Tag hinzu!
|
MARC
| LEADER | 00000naa$a2200000$$$4500 | ||
|---|---|---|---|
| 001 | 0024106 | ||
| 005 | 20230928075302.3 | ||
| 041 | 0 | |a slo | |
| 044 | |a SK | ||
| 245 | 1 | 0 | |a Globalizácia a globálne environmentálne problémy |c Mikuláš Huba, Vladimír Ira |
| 520 | |a Prenikavé zmeny vo svete v 21. storočí prinášajú nové výzvy vo sfére intelektuálneho rozvoja súčasnej vedy. Časopriestorová kompresia a globalizácia. Globálne problémy a výzvy na riešenie v blízkej budúcnosti. Desať skupín globálnych problémov vo svete. Hrozby pre životné prostredie z globálneho hľadiska. Výzvy pre trvalo udržateľný rozvoj. | ||
| 610 | 2 | 0 | |a globalizácia |
| 610 | 2 | 0 | |a problémy globálne |
| 610 | 2 | 0 | |a problémy spoločenské |
| 610 | 2 | 0 | |a environmentalistika |
| 610 | 2 | 0 | |a bezpečnosť environmentálna |
| 610 | 2 | 0 | |a rozvoj trvalo udržateľný |
| 610 | 2 | 0 | |a svet |
| 610 | 2 | 0 | |a veda |
| 100 | 1 | |a Huba, Mikuláš | |
| 700 | 1 | |a Ira, Vladimír | |